Chemical vapor deposition / (Record no. 7415)
[ view plain ]
| 000 -LEADER | |
|---|---|
| fixed length control field | 00676nac a22002171u 4500 |
| 010 ## - LIBRARY OF CONGRESS CONTROL NUMBER | |
| LC control number | 011006358 |
| 020 ## - INTERNATIONAL STANDARD BOOK NUMBER | |
| International Standard Book Number | 0123496705 |
| 082 ## - DEWEY DECIMAL CLASSIFICATION NUMBER | |
| Classification number | 671.735 |
| Item number | HIT |
| 090 ## - LOCALLY ASSIGNED LC-TYPE CALL NUMBER (OCLC); LOCAL CALL NUMBER (OCLC) | |
| -- | 7415 |
| -- | 7415 |
| 100 ## - MAIN ENTRY--PERSONAL NAME | |
| Personal name | Hitchman, Michael L. |
| 245 ## - TITLE STATEMENT | |
| Title | Chemical vapor deposition / |
| Statement of responsibility, etc | edited by Michael L. Hitchman and Klavs F. Jensen. |
| 260 ## - PUBLICATION, DISTRIBUTION, ETC. (IMPRINT) | |
| Place of publication, distribution, etc | London: |
| Name of publisher, distributor, etc | Academic Press,c.1993. |
| Date of publication, distribution, etc | c.1993. |
| 300 ## - PHYSICAL DESCRIPTION | |
| Extent | v,677p. ; |
| Dimensions | 21cm. |
| 500 ## - GENERAL NOTE | |
| General note | Distributer: Al-Ahram. |
| 511 ## - PARTICIPANT OR PERFORMER NOTE | |
| Participant or performer note | Catalogued By: Mahitab. |
| 650 ## - SUBJECT ADDED ENTRY--TOPICAL TERM | |
| Topical term or geographic name as entry element | Chemical vapor deposition. |
| 650 ## - SUBJECT ADDED ENTRY--TOPICAL TERM | |
| Topical term or geographic name as entry element | Plating . |
| 700 ## - ADDED ENTRY--PERSONAL NAME | |
| Personal name | Hitchman, Michael L. |
| 700 ## - ADDED ENTRY--PERSONAL NAME | |
| Personal name | Jensen, Klavs F. |
| 942 ## - ADDED ENTRY ELEMENTS (KOHA) | |
| Item type | Book - Borrowing |
| Call number prefix | 671.735 HIT |
| Withdrawn status | Item status | Damaged status | Not for loan | Home library | Current library | Shelving location | Date acquired | Source of acquisition | Total Checkouts | Full call number | Barcode | Date last seen | Koha item type |
|---|---|---|---|---|---|---|---|---|---|---|---|---|---|
| Central Library | Central Library | First floor | 23/01/2008 | Purchase | 671.735 HIT | 000009019 | 15/07/2025 | Book - Borrowing |